000 00458cam a2200157 4500
008 150908n 000 0 eng u
020 _a9780470881019
035 _a(Sirsi) a192232
050 _aQA 76.9.W43 HUD 2011
100 _aHuddleston, Rob
245 _aTeach yourself visually web design/
_cRob Huddleston
260 _aIndianapolis:
_bWiley Publishing,
_c2011
300 _a353p.:
_bill.
504 _aIncludes index
650 _aWeb databases
999 _c124063
_d124063